DANGEROUS PROPERTIES OF INDUSTRIAL MATERIAL VOL-II (Record no. 628412)

MARC details
000 -LEADER
fixed length control field 00411pam a2200157a 44500
008 - FIXED-LENGTH DATA ELEMENTS--GENERAL INFORMATION
fixed length control field 230515b1989 xxu||||| |||| 00| 0 eng d
020 ## - INTERNATIONAL STANDARD BOOK NUMBER
International Standard Book Number NULL
041 ## - LANGUAGE CODE
Language code of text/sound track or separate title ENGLISH
082 ## - DEWEY DECIMAL CLASSIFICATION NUMBER
Classification number NULL
100 ## - MAIN ENTRY--PERSONAL NAME
Personal name IRVING SAX RICHARD LEWIS
245 ## - TITLE STATEMENT
Title DANGEROUS PROPERTIES OF INDUSTRIAL MATERIAL VOL-II
250 ## - EDITION STATEMENT
Edition statement ND
260 ## - PUBLICATION, DISTRIBUTION, ETC.
Place of publication, distribution, etc. NULL
Name of publisher, distributor, etc. VAN NOSTRAND REINHOLD COMPANY LTD
Date of publication, distribution, etc. 1989
300 ## - PHYSICAL DESCRIPTION
Extent 1706 HB
650 ## - SUBJECT ADDED ENTRY--TOPICAL TERM
Topical term or geographic name entry element NULL
Holdings
Withdrawn status Lost status Damaged status Not for loan Home library Current library Shelving location Date acquired Source of acquisition Cost, normal purchase price Total Checkouts Full call number Barcode Date last seen Price effective from Koha item type
        College of Engineering, Pune College of Engineering, Pune   02/05/1997 NULL 5703.80   NULL ECP-G-14609 28/06/2023 28/06/2023 Book